| 000 | 00451nam a2200193Ia 4500 | ||
|---|---|---|---|
| 003 | 0100 | ||
| 008 | 130303s9999 xx 000 0 und d | ||
| 040 | _cARRUPELIB | ||
| 050 | _aB573.F8 | ||
| 100 | _aFurley, David J | ||
| 245 | _aTwo studies in the Greek atomists | ||
| 260 | _aPrinceton New Jersey | ||
| 260 | _bPrinceton University Press | ||
| 260 | _C1967 | ||
| 300 | _a256p. | ||
| 300 | _b 23CM. | ||
| 650 | _aPHILOSOPHY | ||
| 942 | 0 | 0 | _01 |
| 999 |
_c37760 _d37760 |
||